| 000 | 00977nam a22002417a 4500 | ||
|---|---|---|---|
| 999 |
_c65282 _d65282 |
||
| 005 | 20240530110816.0 | ||
| 008 | 190625s2019 ua ah g b 00| 0dara d | ||
| 017 |
_a2017/205 _bمصر. دار الكتب |
||
| 020 | _a97889959117397 | ||
| 040 |
_aEG-CaGPL _cEG-CaGPL |
||
| 082 | 0 | 4 |
_221 _a961.216/ _bط أ |
| 100 | 0 | _aطاهر مفتاح مفتاح | |
| 245 | 1 | 2 |
_aالاميرة الملكة اجدابيا فى الحقبة الملكية / _cتاليف طاهر مفتاح مفتاح |
| 250 | _aط.1 | ||
| 260 |
_aالقاهرة : _bدار الحكمة للطباعة و النشر و التوزيع، _c2018 |
||
| 300 |
_a634 ص. : _bايض ؛ _c24 سم. |
||
| 504 | _aيشتمل على ارجاعات ببليوجرافية | ||
| 650 | _2qrmak | ||
| 651 | 0 | 7 |
_2qrmak _aليبيا _xتاريخ _yالعصر الحديث _xالاحتلال البريطانى |
| 653 | 0 | _aاجدابيا - ليبيا | |
| 942 |
_2ddc _cBK |
||